Statistiken für Die 20 erfolgreichsten Songs im Jahr 2017

Klicken Sie hier um das Quiz zu spielen!

Allgemein

  • Dieses Quiz wurde 376 mal gespielt
  • Das Durchschnittsergebnis liegt bei 11 aus 20

Antwortstatistiken

PlatzKünstlerTitel% Korrekt
1Ed SheeranShape Of You
99%
12Ed SheeranPerfect
99%
10Ed SheeranGalway Girl
99%
2Luis Fonsi feat. Daddy YankeeDespacito
84%
8BausaWas du Liebe nennst
82%
4Imagine DragonsThunder
80%
18Camila Cabello feat. Young ThugHavana
74%
11Jason Derulo feat. Nicki Minaj & Ty Dolla $ignSwalla
68%
19Shawn MendesThere's Nothing Holding Me Back
66%
3The Chainsmokers feat. ColdplaySomething Just Like This
65%
17Bonez MC & RAF Camora feat. MaxwellOhne mein Team
56%
14Alice MertonNo Roots
43%
7Robin Schulz feat. James BluntOK
40%
13Kygo & Selena GomezIt Ain't Me
38%
6Axwell Λ IngrossoMore Than You Know
36%
15J Balvin & Willy WilliamMi gente
31%
9French Montana feat. Swae LeeUnforgettable
28%
16Jonas Blue feat. William SingeMama
24%
5Burak Yeter feat. Danelle SandovalTuesday
17%
20Jax Jones feat. RayeYou Don't Know Me
16%

Verteilung der Resultate

Perzentil nach korrekt beantworteten Fragen

Anzahl Personen mit jedem Resultat

Ihre Resultats-Entwicklung

Sie haben dieses Quiz noch nicht gespielt